The reform process and financial management (Record no. 63071)

000 -LEADER
fixed length control field 00986pab a2200181 454500
008 - FIXED-LENGTH DATA ELEMENTS--GENERAL INFORMATION
fixed length control field 180718b2004 xxu||||| |||| 00| 0 eng d
100 ## - MAIN ENTRY--PERSONAL NAME
Personal name Jafa, V.S.
245 ## - TITLE STATEMENT
Title The reform process and financial management
260 ## - PUBLICATION, DISTRIBUTION, ETC.
Date of publication, distribution, etc. 2004
300 ## - PHYSICAL DESCRIPTION
Extent p.596-603.
362 ## - DATES OF PUBLICATION AND/OR SEQUENTIAL DESIGNATION
Dates of publication and/or sequential designation Jul-Sep
520 ## - SUMMARY, ETC.
Summary, etc. Results of the first generation of reforms which were ushered in 1991 are for everybody to see. The national economy is progressing on robust fundamentals. But to keep this progress steady and sustain the gains of the last decade, important changes in the administrative procedures and mindset are urgently called for. Sound economic policies need that suitable and forward looking policy framework is regularly evolved and an alert and committed implementation machinery delivers the goods and services with efficiency. - Reproduced.
650 ## - SUBJECT ADDED ENTRY--TOPICAL TERM
Topical term or geographic name entry element Financial administration
650 ## - SUBJECT ADDED ENTRY--TOPICAL TERM
Topical term or geographic name entry element Economic reform
773 ## - HOST ITEM ENTRY
Main entry heading Indian Journal of Public Administration
908 ## - PUT COMMAND PARAMETER (RLIN)
Put command parameter N
909 ## -
-- 63071
Holdings
Withdrawn status Lost status Damaged status Not for loan Permanent Location Current Location Date acquired Serial Enumeration / chronology Barcode Date last seen Price effective from Koha item type
        Indian Institute of Public Administration Indian Institute of Public Administration 2018-07-19 Volume no: 50, Issue no: 3 AR63521 2018-07-19 2018-07-19 Articles

Powered by Koha